000 00429cam a2200169ua 4500
020 _c1.25
041 _amal
_h
082 _a320
_bMUN/VY
100 _aJoseph, Mundassery.
245 _aVyakthiyilninnum pouranilekku /
_cJoseph Mundassery.
_hTextual Documents
260 _aThiruvananthapuram :
_bBalan Publications ,
_c1953.
300 _a52 ; .
365 _a1.25
504 _a
942 _cBK
999 _c6165
_d6165